000 00492nam a22001697a 4500
999 _c526857
_d526857
003 NUST
020 _qHardcover.
038 _aMr. Zahoor
082 _a658.4
100 _aSidddique, Muhammad Abubakar
_917854
245 _aLOGISTIC VS SUPPLY CHAIN MANAGEMENT : A LOCAL SURVEY /
_cMuhammad Abubakar Siddique
260 _aIslamabad :
_bNBS - NUST,
_c2016.
300 _ap. : ill. ;
_c30cm.
650 _aHRM - MBA Thesis
_917537
700 _aMr. Kamran Khalid
_917555
942 _2ddc
_cTHE